THE JUNGLE BOOK & JUST SO STORIES / (Record no. 201920)

MARC details
000 -LEADER
fixed length control field 00837nam a2200277 i 4500
003 - CONTROL NUMBER IDENTIFIER
control field OSt
005 - DATE AND TIME OF LATEST TRANSACTION
control field 20251202151112.0
008 - FIXED-LENGTH DATA ELEMENTS--GENERAL INFORMATION
fixed length control field 251202t20242024nyu jr 000 1 eng
020 ## - INTERNATIONAL STANDARD BOOK NUMBER
International Standard Book Number 9781454953555
Qualifying information paperback
Terms of availability RM 55.61
040 ## - CATALOGING SOURCE
Original cataloging agency PPAK
Language of cataloging eng
Transcribing agency PPAK
Description conventions rda
082 04 - DEWEY DECIMAL CLASSIFICATION NUMBER
Classification number 823.8
Edition number 23
090 00 - LOCALLY ASSIGNED LC-TYPE CALL NUMBER (OCLC); LOCAL CALL NUMBER (RLIN)
Classification number (OCLC) (R) ; Classification number, CALL (RLIN) (NR) 823.8
Feature heading KIP
Feature heading K
100 1# - MAIN ENTRY--PERSONAL NAME
Personal name Kipling, Rudyard,
Dates associated with a name 1865-1936,
Relator term author.
245 14 - TITLE STATEMENT
Title THE JUNGLE BOOK & JUST SO STORIES /
Statement of responsibility, etc. RUDYARD KIPLING
264 #1 - PRODUCTION, PUBLICATION, DISTRIBUTION, MANUFACTURE, AND COPYRIGHT NOTICE
Place of production, publication, distribution, manufacture New York :
Name of producer, publisher, distributor, manufacturer UNION SQUARE KIDS,
Date of production, publication, distribution, manufacture, or copyright notice 2024
Date of production, publication, distribution, manufacture, or copyright notice ©2024
300 ## - PHYSICAL DESCRIPTION
Extent 289 pages ;
Dimensions 21 cm
336 ## - CONTENT TYPE
Content type term text
Source rdacontent
337 ## - MEDIA TYPE
Media type term unmediated
Source rdamedia
338 ## - CARRIER TYPE
Carrier type term volume
Source rdacarrier
490 1# - SERIES STATEMENT
Series statement SIGNATURE CLASSICS
650 10 - SUBJECT ADDED ENTRY--TOPICAL TERM
Topical term or geographic name entry element Children's stories.
Topical term or geographic name entry element Animals
Form subdivision Juvenile fiction.
830 #0 - SERIES ADDED ENTRY--UNIFORM TITLE
Uniform title Signature classics
942 ## - ADDED ENTRY ELEMENTS (KOHA)
Source of classification or shelving scheme Dewey Decimal Classification
Koha item type Book
Holdings
Withdrawn Not for loan Current library Shelving location Date acquired Total Checkouts Full call number Barcode Date last seen Koha item type
    Perpustakaan Alor Setar Pinjaman Kanak-kanak 04/12/2025   K 823.8 KIP A01888639 04/12/2025 Book
    Perpustakaan Awam Sungai Petani Pinjaman Kanak-kanak 04/12/2025   K 823.8 KIP A01888640 04/12/2025 Book
    Perpustakaan Baling Pinjaman Kanak-kanak 04/12/2025   K 823.8 KIP A01888644 04/12/2025 Book
    Perpustakaan Bandar Baharu Pinjaman Kanak-kanak 04/12/2025   K 823.8 KIP A01888645 04/12/2025 Book
    Perpustakaan Jitra Pinjaman Kanak-kanak 04/12/2025   K 823.8 KIP A01888641 04/12/2025 Book
    Perpustakaan Kulim Pinjaman Kanak-kanak 04/12/2025   K 823.8 KIP A01888643 04/12/2025 Book
    Perpustakaan Langkawi Pinjaman Kanak-kanak 04/12/2025   K 823.8 KIP A01888642 04/12/2025 Book